| 000 | 00552nam a2200181 a 4500 | ||
|---|---|---|---|
| 001 | 000011468 | ||
| 005 | 20240412074226.0 | ||
| 008 | 091019s1939 dr 000 0 spa d | ||
| 040 |
_aDO-SdBNP _bspa _cBNPHU |
||
| 082 |
_aRD862.42 _bP438i |
||
| 100 | 1 |
_aPérez Licariac, Horacio _927156 |
|
| 245 | 1 | 3 |
_aLa isla de la leyenda / _cHoracio Pérez Licariac. |
| 260 |
_aCiudad Trujillo, República Dominicana : _bMontalvo, _c1939. |
||
| 300 |
_a65 p. ; _c20 cm. |
||
| 650 | 0 |
_aTeatro dominicano _9637 |
|
| 650 | 0 |
_aLiteratura dominicana. _967 |
|
| 049 | _aBNPD | ||
| 999 |
_c11169 _d11169 |
||